States and Provinces of New France on a Map - Statistics

General Stats
  • This quiz has been taken 80 times
  • The average score is 30 of 33
Answers on the Map
Answers color-coded by a green-red scale on the quiz's map according to % correct below.
 
Answer Stats
Answers % Correct
Michigan
97%
Quebec
97%
Texas
97%
Louisiana
96%
New York
96%
Alabama
94%
Arkansas
94%
Kentucky
94%
Mississippi
94%
North Dakota
94%
Ohio
94%
Illinois
93%
Indiana
93%
Minnesota
93%
Ontario
93%
South Dakota
93%
Tennessee
93%
Iowa
92%
Kansas
92%
Pennsylvania
92%
Maine
90%
Missouri
90%
Vermont
90%
Nebraska
89%
Newfoundland and Labrador
89%
Oklahoma
89%
West Virginia
89%
Wisconsin
89%
New-Brunswick
79%
Nova Scotia
79%
Manitoba
76%
Prince Edward Island
76%
Saskatchewan
76%
No matching quizzes found
Score Distribution
Percent of People with Each Score
Percentile by Number Answered
Your Score History
You have not taken this quiz